00597cam a2200181 a 4500020003300000040000800033082002600041100002500067245004500092260005500137300006300192500004700255500002300302650002200325700002100347700002200368700002500390 a0131114417 (combined volume) cDLC00a973 PRE 2004 A099 Or.1 aHine, Darlene Clark.10aAfrican Americans :ba concise history / aUpper Saddle River, N.J. :bPrentice Hall,cc2004. a1 v. (various pagings) :bill. (some col.), maps ;c24 cm. aRev. ed. of: The African-American odyssey. a"Combined volume." 0aAfrican Americans1 aHine, William C.1 aHarrold, Stanley.1 aHine, Darlene Clark.